Avaliação de desempenho com foco em competência : (Record no. 920)

MARC details
000 -LÍDER
Campo Fixo de Controle 01044nam a2200289 a 4500
001 - NÚMERO DE CONTROLE
Campo de Controle 920
003 - IDENTIFICAÇÃO DO NÚMERO DE CONTROLE
Campo de Controle BR-CuiBMT
005 - DATA E HORA DA ÚLTIMA ATUALIZAÇÃO
Campo de Controle 20231123002736.0
008 - DADOS FIXOS
Dados Fixos 231122s2006 rjba 000 0 por d
020 ## - INTERNATIONAL STANDARD BOOK NUMBER
Nº do ISBN 9788573037692
040 ## - AGÊNCIA CATALOGADORA
Código da Agência Catalogadora BR-CuiBMT
Agência que transcreveu o registro BR-CuiBMT
080 ## - Nº DA CLASSIFICAÇÃO DECIMAL UNIVERSAL
Nº edição CDU 2007
Nº Class. CDU 658.31.084.3
090 ## - NÚMERO DE CHAMADA
Nº classificação 658.31.084.3
Cutter L551a
Ano/Edição 3. ed.
100 1# - ENTRADA PRINCIPAL -- AUTOR PESSOAL
Nome pessoal Leme, Rogério
245 10 - TÍTULO PRINCIPAL
Título principal Avaliação de desempenho com foco em competência :
Subtítulo a base para remuneração por competências /
Indicação de responsabilidade Rogerio Leme.
250 ## - EDIÇÃO
Edição 3. ed.
260 ## - PUBLICAÇÃO, DISTRIBUIÇÃO, ETC.
Local de publicação Rio de Janeiro :
Editora Qualitymark,
Data 2006.
300 ## - DESCRIÇÃO FÍSICA
N. páginas ou volumes 119 p. :
Ilustrações il. ;
Dimensões 23 cm
500 ## - NOTAS GERAIS
Notas gerais "Informação de edição retirada da capa."
504 ## - NOTA DE BIBLIOGRAFIA, ETC.
Nota de bibliografia Inclui bibliografia.
590 ## - NOTA LOCAL
Nota local A biblioteca possui 3. reimpr. 2012.
650 ## - ASSUNTO TÓPICO
Cabeçalho tópico ou nome geográfico Avaliação de desempenho
Subdivisão de forma Modelo
650 ## - ASSUNTO TÓPICO
Cabeçalho tópico ou nome geográfico Administração de pessoal
Subdivisão geral Padrões de desempenho
650 ## - ASSUNTO TÓPICO
Cabeçalho tópico ou nome geográfico Administração de pessoal
Subdivisão geral Avaliação de desempenho
650 ## - ASSUNTO TÓPICO
Cabeçalho tópico ou nome geográfico Avaliação de desempenho
Subdivisão geral Sistemas de remunerações salariais.
942 ## - ELEMENTOS DE ENTRADA ADICIONAIS (KOHA)
Fonte de classificação ou esquema de arquivamento Classificação Decimal Universal
Tipo de item do Koha Livros
Holdings
Estado: removido Estado: perdido Fonte de classificação ou esquema de arquivamento Estado: danificado Indisponível para empréstimo Localização permanente Localização atual Data de aquisição Total Checkouts Número de Chamada completo Código de barras Date last seen Número do exemplar Preço efetivo a partir de Tipo de item (Koha) Nota pública
    Classificação Decimal Universal     Biblioteca da Escola Superior de Contas do TCE/MT Biblioteca da Escola Superior de Contas do TCE/MT 23/11/2023   658.31.084.3 L551a 3. ed. BIBTCEMT23110915 23/11/2023 Ex. 1 23/11/2023 Livros 3. reimpr. 2012

Powered by Koha